| 000 | 00553nam a2200181Ia 4500 | ||
|---|---|---|---|
| 003 | GCL | ||
| 008 | 140319s9999 xx 000 0 ara d | ||
| 040 |
_aGCL / _cGCL |
||
| 082 | 0 | 4 |
_a272.87 _bد ر |
| 100 | 1 | _aادوارد وديع عبدالمسيح | |
| 245 | 1 | 0 |
_aرسائل يعقوب وبطرس / _cادوارد وديع عبدالمسيح |
| 700 | 1 | _aباركلى ،وليم | |
| 260 |
_a[S.N] : _bدار الثقافة المسيحية ، _c1979 |
||
| 300 | _a414 ص | ||
| 490 | _a | ||
| 650 | 0 | 4 | _aالعهد الجديد |
| 942 |
_2ddc _cBK |
||
| 999 |
_c33435 _d33435 |
||